000 00845nam a2200265 i 4500
001 bg
100 1 _aBOGUSZ, Jerzy
245 1 0 _aMetoda przemieszczeń :
_bniewyznaczalne konstrukcje prętowe : przykłady /
_cJerzy Bogusz.
250 _aWyd. 2 poszerz. i popr.
260 _aKraków :
_bWydaw. PK,
_c2005.
300 _a114 s. :
_brys., tab., wykr. ;
_c30 cm.
490 1 _aPomoc Dydaktyczna / Politechnika Krakowska im. Tadeusza Kościuszki
504 _aBibliogr.
650 9 _aPręty
_xmechanika
655 _aPodręczniki akademickie
830 0 _aPomoc Dydaktyczna (Politechnika Krakowska im. Tadeusza Kościuszki)
015 _aPB 15194/2004
020 _a8372423776
040 _cBPK
041 0 _apol
080 _a624.014(075.8)
920 _a83-7242-377-6
942 _cKS
008 s pl f |000 0 pol
999 _c51721
_d51721
856 _uhttp://koha.tu.koszalin.pl/cgi-bin/koha/opac-detail.pl?biblionumber=51721
_yKatalog online BPK